[Event "Rilton Cup 51st"]
[Site "Stockholm"]
[Date "2023.12.31"]
[Round "5"]
[White "Gomez Aguirre, Juan Alberto"]
[Black "Srija, Seshadri"]
[Result "0-1"]
[WhiteElo "2068"]
[BlackElo "2272"]
[PlyCount "118"]
[EventDate "2023.12.27"]
[EventType "swiss"]
[EventRounds "9"]
[EventCountry "SWE"]
[SourceTitle "CB02_2024"]
[SourceDate "2024.01.10"]
[SourceVersion "1"]
[SourceVersionDate "2024.01.10"]
[SourceQuality "1"]

1. e4 e5 2. Nf3 Nc6 3. Nc3 Nf6 4. d4 exd4 5. Nxd4 Bb4 6. Nxc6 bxc6 7. Bd3 d5 8. exd5 cxd5 9. 0-0 0-0 10. h3 c6 11. Qf3 Rb8 12. Bf4 Bd6 13. b3 Be6 14. Ne2 Re8 15. Ng3 Qc7 16. Bxd6 Qxd6 17. Rfe1 Re7 18. Nh5 Nxh5 19. Qxh5 g6 20. Qe5 Qxe5 21. Rxe5 Rbe8 22. Rae1 Kf8 23. c3 a5 24. a3 Rb8 25. b4 axb4 26. axb4 Ra7 27. R5e3 Ra2 28. Rb1 c5 29. g4 d4 30. cxd4 cxb4 31. Be4 Rd2 32. d5 Bd7 33. Rd3 Rxd3 34. Bxd3 Ke7 35. Kf1 Kd6 36. Ke2 Kxd5 37. Ke3 b3 38. Rd1 Kc5 39. Bb1 Be6 40. Kf4 f6 41. Re1 Rb4+ 42. Ke3 Bd5 43. Kd2 Rf4 44. Ke2 Kd4 45. Rd1+ Ke5 46. Rd2 Rd4 47. Ke3 Rxd2 48. f4+ Kd6 49. Kxd2 Bg2 50. h4 Kd5 51. Ke3 Bh3 52. f5 Bxg4 53. fxg6 hxg6 54. Bxg6 Ke5 55. h5 Bf5 56. Kd2 b2 57. Bxf5 Kxf5 58. Kc2 Kg5 59. Kxb2 Kxh5 0-1

[Event "Fagernes Autumn op"]
[Site "Fagernes"]
[Date "2023.10.10"]
[Round "3"]
[White "Gomez Aguirre, Juan Alberto"]
[Black "Vagman, Roy"]
[Result "0-1"]
[WhiteElo "2065"]
[BlackElo "2294"]
[PlyCount "108"]
[EventDate "2023.10.08"]
[EventType "swiss"]
[EventRounds "9"]
[EventCountry "NOR"]
[SourceTitle "Mega2024 Update 01"]
[Source "Chessbase"]
[SourceDate "2023.11.12"]
[SourceVersion "1"]
[SourceVersionDate "2023.11.12"]
[SourceQuality "1"]

1. d4 Nf6 2. c4 e6 3. Nc3 Bb4 4. e3 0-0 5. Nf3 Re8 6. Qc2 d6 7. Be2 e5 8. dxe5 dxe5 9. 0-0 e4 10. Nd4 c6 11. Rd1 Qe7 12. f3 exf3 13. Bxf3 Qe5 14. Nce2 Ng4 15. Bxg4 Bxg4 16. Rf1 Bc5 17. Nf5 Bxf5 18. Qxf5 Qxf5 19. Rxf5 Nd7 20. Nd4 g6 21. Rf1 Ne5 22. Nb3 Bf8 23. Nd2 Ng4 24. Nb3 Rad8 25. h3 Ne5 26. Nd2 Nd3 27. Nf3 Bg7 28. Rd1 Bh6 29. Kf1 Nxc1 30. Rxd8 Rxd8 31. Rxc1 Bxe3 32. Re1 Bc5 33. Re5 Bf8 34. Ke2 f6 35. Re3 Kf7 36. g4 Bc5 37. Re4 h6 38. b3 a5 39. Ne1 Bd4 40. Nf3 Bb6 41. Ne1 f5 42. gxf5 gxf5 43. Rf4 Re8+ 44. Kd1 Kf6 45. Ng2 Re4 46. Rf3 Ke5 47. Ne1 f4 48. Nd3+ Kf5 49. Kd2 Be3+ 50. Kc3 Re8 51. Rf1 Ke4 52. Re1 Kf3 53. Rf1+ Kg2 54. Re1 f3 0-1

[Event "ESP-ch U16 rapid"]
[Site "Salobrena"]
[Date "2023.07.29"]
[Round "1"]
[White "Gomez Aguirre, Juan Alberto"]
[Black "Diaz Lopez, Santiago David"]
[Result "1-0"]
[WhiteElo "2092"]
[BlackElo "1540"]
[PlyCount "135"]
[EventDate "2023.07.29"]
[EventType "swiss (rapid)"]
[EventRounds "9"]
[EventCountry "ESP"]
[SourceTitle "EXT 2024"]
[Source "ChessBase"]
[SourceDate "2023.10.10"]
[SourceVersion "1"]
[SourceVersionDate "2023.10.10"]
[SourceQuality "1"]

1. d4 Nf6 2. Nf3 g6 3. Nc3 d5 4. Bf4 Bg7 5. e3 0-0 6. h3 b6 7. Be2 Bb7 8. 0-0 c5 9. Ne5 Nc6 10. Bf3 e6 11. Ne2 c4 12. c3 Nd7 13. Nxd7 Qxd7 14. e4 dxe4 15. Bxe4 Ne7 16. Ng3 Rfd8 17. Qf3 Rab8 18. Bxb8 Rxb8 19. Bxb7 Rxb7 20. a4 Nd5 21. Ne4 Qc7 22. Nd2 Rb8 23. Ne4 Nf4 24. g3 Nd5 25. Qe2 Rc8 26. a5 bxa5 27. Nc5 Bf8 28. Nxe6 Qe7 29. Nf4 Nxf4 30. Qxe7 Nxh3+ 31. Kg2 Bxe7 32. Kxh3 Bd8 33. Ra4 Bb6 34. Re1 Kf8 35. d5 Rc5 36. Rd1 Ke7 37. Rd4 Rb5 38. Rdxc4 Rxb2 39. Rf4 Bxf2 40. Rxa5 Bg1 41. g4 Rh2+ 42. Kg3 Rc2 43. Re4+ Kd6 44. c4 Bb6 45. Rb5 Rc3+ 46. Kg2 Rc2+ 47. Kf3 Rf2+ 48. Kg3 Rc2 49. Rf4 Rc3+ 50. Kg2 Rc2+ 51. Kf1 Ke7 52. Rb4 Rc1+ 53. Ke2 Rc2+ 54. Kd3 Rh2 55. Rb5 Rh3+ 56. Kc2 f6 57. c5 Bd8 58. Re4+ Kd7 59. Rb7+ Kc8 60. Rxa7 f5 61. gxf5 gxf5 62. Rf4 Rh2+ 63. Kb3 h5 64. Rxf5 h4 65. Rff7 Kb8 66. Rad7 Kc8 67. c6 h3 68. Rf8 1-0

[Event "Titled Tuesday intern op 25th Apr Late"]
[Site "Chess.com INT"]
[Date "2023.04.25"]
[Round "4"]
[White "Florianovitz, Derlei Alex"]
[Black "Gomez Aguirre, Juan Alberto"]
[Result "1/2-1/2"]
[WhiteElo "2079"]
[BlackElo "2206"]
[PlyCount "74"]
[EventDate "2023.04.25"]
[EventType "swiss (blitz)"]
[EventRounds "11"]
[EventCountry "USA"]
[SourceTitle "EXT 2024"]
[Source "ChessBase"]
[SourceDate "2023.10.10"]
[SourceVersion "1"]
[SourceVersionDate "2023.10.10"]
[SourceQuality "1"]

1. e4 c6 2. d4 d5 3. exd5 cxd5 4. c4 Nf6 5. Nc3 e6 6. c5 b6 7. b4 a5 8. Qa4+ Bd7 9. Bb5 Qc7 10. Nf3 Nc6 11. Bxc6 Bxc6 12. b5 Bb7 13. c6 Bc8 14. 0-0 Bd6 15. Re1 0-0 16. Bg5 Ne8 17. Rad1 Bb4 18. Qc2 Nd6 19. Be7 Qxe7 20. Nxd5 Qa7 21. Nxb4 axb4 22. Ng5 g6 23. Qb3 Nxb5 24. Qxb4 Ba6 25. d5 exd5 26. Qh4 h5 27. g4 Nd6 28. Rxd5 Qc7 29. gxh5 Rae8 30. Rxe8 Rxe8 31. hxg6 fxg6 32. Rxd6 Re1+ 33. Kg2 Bf1+ 34. Kf3 Be2+ 35. Kg2 Bf1+ 36. Kf3 Be2+ 37. Kg2 Bf1+ 1/2-1/2

[Event "Titled Tuesday intern op 25th Apr Late"]
[Site "Chess.com INT"]
[Date "2023.04.25"]
[Round "3"]
[White "Gomez Aguirre, Juan Alberto"]
[Black "Perske, Thore"]
[Result "0-1"]
[WhiteElo "2206"]
[BlackElo "2448"]
[PlyCount "78"]
[EventDate "2023.04.25"]
[EventType "swiss (blitz)"]
[EventRounds "11"]
[EventCountry "USA"]
[SourceTitle "EXT 2024"]
[Source "ChessBase"]
[SourceDate "2023.10.10"]
[SourceVersion "1"]
[SourceVersionDate "2023.10.10"]
[SourceQuality "1"]

1. d4 d5 2. Nf3 Nf6 3. e3 Bf5 4. Bd3 Bxd3 5. Qxd3 a6 6. 0-0 e6 7. Nbd2 c5 8. c3 Nc6 9. e4 cxd4 10. Nxd4 dxe4 11. Nxe4 Nxd4 12. Nxf6+ Qxf6 13. cxd4 Rd8 14. Be3 Bd6 15. Qe4 Rd7 16. d5 e5 17. Rfd1 0-0 18. Rac1 Rfd8 19. Bb6 Re8 20. Bc5 Qe7 21. Bxd6 Qxd6 22. Rc4 g6 23. Rc2 f5 24. Qd3 e4 25. Qd4 Qe5 26. Qxe5 Rxe5 27. d6 Kf7 28. Rc7 Ke6 29. f4 exf3 30. gxf3 Rxc7 31. dxc7 Rc5 32. Re1+ Kf6 33. Re8 Rxc7 34. Rb8 Ke5 35. Kf2 Kf4 36. Re8 Rc2+ 37. Re2 Rxe2+ 38. Kxe2 g5 39. Kf2 h5 0-1

[Event "Fagernes op-A"]
[Site "Fagernes"]
[Date "2023.04.08"]
[Round "8"]
[White "Gomez Aguirre, Juan Alberto"]
[Black "Arhan, Chethan Anand"]
[Result "0-1"]
[WhiteElo "2206"]
[BlackElo "2285"]
[PlyCount "112"]
[EventDate "2023.04.02"]
[EventType "swiss"]
[EventRounds "9"]
[EventCountry "NOR"]
[SourceTitle "CBM 213 Extra"]
[Source "ChessBase"]
[SourceDate "2023.05.31"]
[SourceVersion "1"]
[SourceVersionDate "2023.05.31"]
[SourceQuality "1"]

1. e4 c5 2. c3 Nf6 3. e5 Nd5 4. Nf3 d6 5. d4 cxd4 6. Qxd4 e6 7. Nbd2 Nc6 8. Qe4 f5 9. exf6 Nxf6 10. Qh4 d5 11. Bd3 Bd6 12. Bg6+ Kd7 13. Bc2 h6 14. Nb3 a6 15. Nbd4 g5 16. Nxc6 bxc6 17. Qa4 e5 18. Be3 Ke7 19. 0-0-0 Bd7 20. Rhe1 Kf7 21. c4 c5 22. Qa3 d4 23. Nxe5+ Bxe5 24. Qxc5 Qc7 25. Bxd4 Qxc5 26. Bxc5 Rhe8 27. b3 Bc6 28. g3 Bc3 29. Rxe8 Rxe8 30. Bd4 Bb4 31. Kb2 Bf3 32. Rd3 Be2 33. Re3 Rxe3 34. fxe3 Bd6 35. c5 Bc7 36. Kc3 Ng4 37. h4 Bxg3 38. hxg5 hxg5 39. Kd2 Bb5 40. a4 Bd7 41. b4 Ne5 42. Bd1 Ke6 43. e4 Bc6 44. Be2 Bxa4 45. Be3 Bb5 46. Bxg5 Nc6 47. Bxb5 axb5 48. Kc3 Be1+ 49. Kb3 Ke5 50. Bc1 Bxb4 51. Bb2+ Kxe4 52. Bf6 Bxc5 53. Bc3 Kd3 54. Be1 Nd4+ 55. Ka2 Kc2 56. Ba5 b4 0-1

[Event "Fagernes op-A"]
[Site "Fagernes"]
[Date "2023.04.05"]
[Round "5"]
[White "Ingebretsen, Jens E"]
[Black "Gomez Aguirre, Juan Alberto"]
[Result "1-0"]
[WhiteElo "2345"]
[BlackElo "2206"]
[PlyCount "115"]
[EventDate "2023.04.02"]
[EventType "swiss"]
[EventRounds "9"]
[EventCountry "NOR"]
[SourceTitle "CBM 213 Extra"]
[Source "ChessBase"]
[SourceDate "2023.05.31"]
[SourceVersion "1"]
[SourceVersionDate "2023.05.31"]
[SourceQuality "1"]

1. e4 e5 2. Nf3 Nc6 3. Bb5 a6 4. Ba4 Nf6 5. d3 b5 6. Bb3 Bc5 7. 0-0 d6 8. a4 b4 9. c3 bxc3 10. bxc3 0-0 11. Nbd2 h6 12. Re1 Re8 13. h3 Be6 14. Nc4 Rb8 15. Ba2 Ba7 16. Be3 Bxe3 17. Rxe3 Nd7 18. d4 exd4 19. cxd4 d5 20. exd5 Bxd5 21. Na5 Nf6 22. Nxc6 Bxc6 23. Ne5 Bd5 24. Qe2 Qd6 25. Re1 Bxa2 26. Qxa2 Qd5 27. Qc2 Qd6 28. Qc4 Nd5 29. Re4 Re6 30. Nxf7 Rxe4 31. Nxd6 Rxe1+ 32. Kh2 cxd6 33. Qxd5+ Kh8 34. Qxd6 Rb2 35. Qxa6 Rd2 36. Qc8+ Kh7 37. Qf5+ Kh8 38. Qc8+ Kh7 39. Qc5 Red1 40. a5 Rxd4 41. a6 Rd8 42. a7 Ra1 43. Qc2+ Kh8 44. Qc7 Rg8 45. Qb8 Ra3 46. f4 Kh7 47. f5 Kh8 48. g4 Kh7 49. Kg2 Kh8 50. h4 Ra5 51. Kg3 Ra3+ 52. Kf4 Ra1 53. g5 Rf1+ 54. Kg4 Ra1 55. Kh5 Ra6 56. f6 gxf6 57. Qb7 Ra4 58. g6 1-0

[Event "Titled Tuesday intern op 21st Mar Late"]
[Site "Chess.com INT"]
[Date "2023.03.21"]
[Round "6"]
[White "Gomez Aguirre, Juan Alberto"]
[Black "Negron Lizarazo, Juan Sebastian"]
[Result "1-0"]
[WhiteElo "2205"]
[BlackElo "1589"]
[PlyCount "49"]
[EventDate "2023.03.21"]
[EventType "swiss (blitz)"]
[EventRounds "11"]
[EventCountry "USA"]
[SourceTitle "EXT 2024"]
[Source "ChessBase"]
[SourceDate "2023.10.10"]
[SourceVersion "1"]
[SourceVersionDate "2023.10.10"]
[SourceQuality "1"]

1. e4 c5 2. Nc3 g6 3. d4 Bg7 4. Be3 cxd4 5. Bxd4 e5 6. Bc5 b6 7. Bd6 Bb7 8. Nf3 Nc6 9. Bc4 Nge7 10. Qd2 0-0 11. 0-0-0 Na5 12. Bd5 Nxd5 13. Bxf8 Nxc3 14. Bxg7 Nxd1 15. Bxe5 f6 16. Bd4 Nxb2 17. Bxb2 Nc4 18. Qd4 Nxb2 19. Kxb2 Qe7 20. Re1 Rc8 21. Re3 Kf7 22. e5 Bxf3 23. exf6 Qc5 24. Qxd7+ Kf8 25. Qg7# 1-0

[Event "Titled Tuesday intern op 28th Feb Early"]
[Site "Chess.com INT"]
[Date "2023.02.28"]
[Round "5"]
[White "Gomez Aguirre, Juan Alberto"]
[Black "Novikov, Evgenij"]
[Result "1/2-1/2"]
[WhiteElo "2205"]
[BlackElo "2276"]
[PlyCount "326"]
[EventDate "2023.02.28"]
[EventType "swiss (blitz)"]
[EventRounds "11"]
[EventCountry "USA"]
[SourceTitle "CBM 213 Extra"]
[Source "ChessBase"]
[SourceDate "2023.05.31"]
[SourceVersion "1"]
[SourceVersionDate "2023.05.31"]
[SourceQuality "1"]

1. e4 c5 2. Nc3 e6 3. d4 cxd4 4. Qxd4 Nc6 5. Qe3 d6 6. Bd2 Nf6 7. h3 Be7 8. 0-0-0 0-0 9. g4 d5 10. exd5 Nxd5 11. Qe1 Bf6 12. Bg2 Qb6 13. Bxd5 exd5 14. Be3 Qa5 15. Kb1 Bxc3 16. Qxc3 Qxc3 17. bxc3 Be6 18. Ne2 Rfd8 19. Nd4 Rac8 20. Nxc6 Rxc6 21. Bd4 a5 22. f4 f6 23. f5 Bf7 24. Rhe1 Kf8 25. Re3 Re8 26. Rde1 Rxe3 27. Rxe3 b5 28. a3 Be8 29. h4 Bd7 30. Rf3 Rc4 31. Rf4 Kf7 32. Kc1 b4 33. cxb4 axb4 34. axb4 Ba4 35. c3 Rc8 36. g5 Re8 37. Kd2 Bb5 38. Rf2 Ra8 39. gxf6 gxf6 40. Ke3 Ra1 41. Kf3 Rh1 42. Kg3 Bd3 43. Bc5 h5 44. Bd4 Rc1 45. Ra2 Bxf5 46. Ra7+ Kg6 47. Ra6 Be4 48. Rxf6+ Kh7 49. Rf7+ Kg6 50. Rf6+ Kh7 51. Kf4 Rh1 52. Rf7+ Kg8 53. Rg7+ Kf8 54. Kg5 Rg1+ 55. Kh6 Rxg7 56. Bxg7+ Kf7 57. Bd4 Bf3 58. b5 Ke6 59. b6 Kd7 60. Kg5 Kc6 61. Kf6 Be4 62. Ke5 Bf3 63. Be3 Kb7 64. Kf4 Be4 65. Kg3 Bd3 66. Kf4 Be4 67. Ke5 Bf3 68. Kd4 Bg2 69. Kc5 Bf3 70. Kb4 Be4 71. Kc5 Bf3 72. Kd6 Be4 73. Ke7 Bf3 74. Kf6 Be4 75. Ke6 Bf3 76. Ke5 Bg2 77. Kf4 Bh1 78. Kg3 Be4 79. Bf2 Bd3 80. Kf4 Be4 81. c4 Bh1 82. c5 Be4 83. Ke3 Bg2 84. Kd4 Bf3 85. Ke5 Bg2 86. Kd6 d4 87. Bxd4 Bf3 88. Kd7 Bc6+ 89. Ke6 Bf3 90. Kf5 Be2 91. Kf4 Bd3 92. Be3 Be2 93. Kg3 Bg4 94. Kf4 Be2 95. Ke5 Bf3 96. Kd4 Bg4 97. Kc4 Bf3 98. Kb5 Be2+ 99. Kb4 Bf3 100. Kc3 Be4 101. Bg1 Bf3 102. Kd4 Bg2 103. Ke5 Bf3 104. Kf4 Be2 105. Kg5 Bf3 106. Kf6 Be4 107. Ke6 Bf3 108. Kd6 Bg2 109. Bd4 Bf3 110. Bf6 Bg2 111. Kd7 Bf3 112. c6+ Bxc6+ 113. Ke6 Kxb6 114. Kf5 Bf3 115. Kg5 Bg4 116. Be5 Kc6 117. Bg3 Kd5 118. Bf4 Ke6 119. Bc1 Kf7 120. Bf4 Ke6 121. Be3 Kd5 122. Bf4 Ke4 123. Bb8 Kf3 124. Bc7 Kg2 125. Bb8 Kh3 126. Bc7 Bd1 127. Bb8 Kg2 128. Bc7 Kf3 129. Bb8 Ke4 130. Bc7 Kd5 131. Bb8 Ke6 132. Bh2 Kd7 133. Bg3 Kc6 134. Bh2 Be2 135. Bg3 Kd5 136. Bh2 Ke4 137. Bb8 Kd5 138. Bc7 Ke6 139. Bh2 Bf3 140. Bg3 Bg4 141. Bh2 Kd7 142. Bg3 Kc6 143. Bh2 Kd5 144. Bg3 Ke4 145. Bb8 Kf3 146. Bc7 Kg2 147. Bb8 Bd1 148. Bc7 Kh3 149. Bb8 Be2 150. Bc7 Kg2 151. Bb8 Kf2 152. Bc7 Ke3 153. Bb8 Ke4 154. Bc7 Kd5 155. Bb8 Kc6 156. Bh2 Kd5 157. Bg3 Ke4 158. Bh2 Kd5 159. Bb8 Ke6 160. Bh2 Kd7 161. Bg3 Kc6 162. Bh2 Bg4 163. Bg1 Kd5 1/2-1/2

[Event "Titled Tuesday intern op 28th Feb Early"]
[Site "Chess.com INT"]
[Date "2023.02.28"]
[Round "8"]
[White "Gomez Aguirre, Juan Alberto"]
[Black "Tymrakiewicz, Rafal"]
[Result "0-1"]
[WhiteElo "2205"]
[BlackElo "2157"]
[PlyCount "82"]
[EventDate "2023.02.28"]
[EventType "swiss (blitz)"]
[EventRounds "11"]
[EventCountry "USA"]
[SourceTitle "CBM 213 Extra"]
[Source "ChessBase"]
[SourceDate "2023.05.31"]
[SourceVersion "1"]
[SourceVersionDate "2023.05.31"]
[SourceQuality "1"]

1. Nf3 d5 2. c4 d4 3. g3 f6 4. Bg2 e5 5. d3 c5 6. 0-0 Nc6 7. e3 Bg4 8. h3 Bh5 9. exd4 cxd4 10. Nbd2 Bd6 11. a3 a5 12. Ne4 Bc7 13. Re1 Nge7 14. Nc5 Qc8 15. Na4 0-0 16. c5 Bf7 17. Nd2 Qd7 18. Qc2 Rad8 19. Nc4 Nc8 20. Bd2 Rfe8 21. b4 axb4 22. axb4 N6e7 23. Bxb7 Nd5 24. Kh2 Qb5 25. c6 Nde7 26. Na3 Qd5 27. b5 f5 28. Qc5 Qf3 29. b6 Qxf2+ 30. Kh1 Nxb6 31. Nxb6 Qxd2 32. Nbc4 Qf2 33. Nxe5 Qxg3 34. Nac4 Rd5 35. Qb4 Rxe5 36. Nxe5 Bxe5 37. Rxe5 Qxe5 38. Re1 Bd5+ 39. Kg1 Qg3+ 40. Kf1 Qf3+ 41. Kg1 Qg2# 0-1

[Event "Titled Tuesday intern op 28th Feb Early"]
[Site "Chess.com INT"]
[Date "2023.02.28"]
[Round "4"]
[White "Martic, Ivan"]
[Black "Gomez Aguirre, Juan Alberto"]
[Result "1-0"]
[WhiteElo "2270"]
[BlackElo "2205"]
[PlyCount "55"]
[EventDate "2023.02.28"]
[EventType "swiss (blitz)"]
[EventRounds "11"]
[EventCountry "USA"]
[SourceTitle "CBM 213 Extra"]
[Source "ChessBase"]
[SourceDate "2023.05.31"]
[SourceVersion "1"]
[SourceVersionDate "2023.05.31"]
[SourceQuality "1"]

1. e4 e5 2. Nf3 Nc6 3. d3 Nf6 4. c3 d5 5. Nbd2 g6 6. Be2 Bg7 7. 0-0 0-0 8. b4 d4 9. Bb2 dxc3 10. Bxc3 Nd7 11. b5 Ne7 12. Nc4 f6 13. Bb4 Re8 14. Qb3 Kh8 15. d4 b6 16. dxe5 fxe5 17. Ng5 Rf8 18. Ne6 Qe8 19. Nxc7 Qf7 20. Nxa8 Bb7 21. Nc7 Rc8 22. Na6 Bxa6 23. bxa6 Nc5 24. Bxc5 Rxc5 25. Nd6 Qf8 26. Nf7+ Kg8 27. Ng5+ Kh8 28. Ne6 1-0

[Event "Titled Tuesday intern op 14th Feb Early"]
[Site "Chess.com INT"]
[Date "2023.02.14"]
[Round "6"]
[White "Gomez Aguirre, Juan Alberto"]
[Black "Mendonca, Leon Luke"]
[Result "0-1"]
[WhiteElo "2205"]
[BlackElo "2541"]
[PlyCount "90"]
[EventDate "2023.02.14"]
[EventType "swiss (blitz)"]
[EventRounds "11"]
[EventCountry "USA"]
[SourceTitle "CBM 212 Extra"]
[Source "ChessBase"]
[SourceDate "2023.03.31"]
[SourceVersion "1"]
[SourceVersionDate "2023.03.31"]
[SourceQuality "1"]

1. d4 Nf6 2. Nf3 e6 3. e3 b6 4. Bd3 Bb7 5. 0-0 Be7 6. Nbd2 0-0 7. e4 d5 8. e5 Ne4 9. Qe2 Nxd2 10. Bxd2 c5 11. c3 a5 12. a4 Ba6 13. Bb5 Bxb5 14. axb5 Nd7 15. b3 Rc8 16. c4 Re8 17. Rfd1 Qc7 18. cxd5 exd5 19. Bf4 Nf8 20. dxc5 Qxc5 21. Be3 Qb4 22. Bxb6 Ne6 23. Bxa5 Qxb3 24. b6 Ra8 25. Rdb1 Rxa5 26. Rxb3 Rxa1+ 27. Ne1 Nd4 28. Qe3 Nc2 29. b7 Nxe3 30. fxe3 Rb8 31. Kf2 Ra7 32. Nd3 Raxb7 33. Rc3 Bf8 34. Nf4 Re7 35. Nxd5 Rxe5 36. Nf4 g6 37. Nd3 Re7 38. Nf4 Rd8 39. Kf3 Bh6 40. Ne2 Rde8 41. Nf4 Bxf4 42. exf4 Re1 43. Rc7 Rf1+ 44. Kg3 Re2 45. Rc8+ Kg7 0-1

[Event "Titled Tuesday intern op 14th Feb Early"]
[Site "Chess.com INT"]
[Date "2023.02.14"]
[Round "3"]
[White "Gomez Aguirre, Juan Alberto"]
[Black "Pinheiro, Iung Alicio"]
[Result "1-0"]
[WhiteElo "2205"]
[BlackElo "2306"]
[PlyCount "145"]
[EventDate "2023.02.14"]
[EventType "swiss (blitz)"]
[EventRounds "11"]
[EventCountry "USA"]
[SourceTitle "CBM 212 Extra"]
[Source "ChessBase"]
[SourceDate "2023.03.31"]
[SourceVersion "1"]
[SourceVersionDate "2023.03.31"]
[SourceQuality "1"]

1. e4 c5 2. Nf3 Nc6 3. Bb5 e5 4. 0-0 Bd6 5. c3 a6 6. Bxc6 dxc6 7. d4 exd4 8. cxd4 Bg4 9. dxc5 Bxc5 10. Qc2 Qe7 11. Nbd2 Nf6 12. h3 Bh5 13. e5 Nd7 14. g4 Bg6 15. Qc3 h5 16. g5 h4 17. Nb3 Bb4 18. Qc4 Nb6 19. Qg4 Bd3 20. Rd1 Bc2 21. Rd4 Nd5 22. Bd2 a5 23. Rc1 Bg6 24. Bxb4 axb4 25. Nc5 Bh5 26. Qxh4 0-0-0 27. Rg4 Bxg4 28. Qxg4+ Kb8 29. e6 fxe6 30. Nxe6 Rd6 31. Ned4 Re8 32. Nf5 Qd7 33. Nxd6 Qxd6 34. Re1 Rf8 35. Qh5 Qf4 36. Re8+ Rxe8 37. Qxe8+ Ka7 38. Kg2 Qf5 39. Qe5 Nf4+ 40. Kg3 Nh5+ 41. Kg2 Qd3 42. Qe3+ Qxe3 43. fxe3 g6 44. Ne5 Kb6 45. Nxg6 Kc5 46. Nf4 Ng7 47. h4 Kc4 48. h5 Nf5 49. h6 Nxe3+ 50. Kf3 Nf5 51. h7 Nh4+ 52. Kg4 Ng6 53. Nxg6 b3 54. axb3+ Kxb3 55. h8Q b5 56. Qc3+ Ka2 57. Qxc6 b4 58. Qb5 b3 59. Qxb3+ Kxb3 60. Nf4 Kxb2 61. g6 Kc3 62. g7 Kd4 63. g8Q Ke4 64. Qe6+ Kd4 65. Kf3 Kc3 66. Qd7 Kc4 67. Ke4 Kc5 68. Qc7+ Kb5 69. Kd5 Kb4 70. Qc4+ Ka3 71. Qb5 Ka2 72. Kc4 Ka3 73. Qb3# 1-0

[Event "Titled Tuesday intern op 14th Feb Late"]
[Site "Chess.com INT"]
[Date "2023.02.14"]
[Round "1"]
[White "Gomez Aguirre, Juan Alberto"]
[Black "Vlassov, Nikolai"]
[Result "0-1"]
[WhiteElo "2205"]
[BlackElo "2283"]
[PlyCount "80"]
[EventDate "2023.02.14"]
[EventType "swiss (blitz)"]
[EventRounds "11"]
[EventCountry "USA"]
[SourceTitle "CBM 212 Extra"]
[Source "ChessBase"]
[SourceDate "2023.03.31"]
[SourceVersion "1"]
[SourceVersionDate "2023.03.31"]
[SourceQuality "1"]

1. d4 Nf6 2. c4 Nc6 3. Nf3 e6 4. Nc3 Bb4 5. Qc2 d6 6. Bd2 0-0 7. a3 Bxc3 8. Bxc3 Qe7 9. e3 e5 10. Be2 Bg4 11. 0-0 e4 12. Ne1 Bxe2 13. Qxe2 d5 14. b4 Qe6 15. f3 dxc4 16. fxe4 Nxe4 17. Rc1 Ne7 18. Nf3 b5 19. a4 a6 20. Be1 Nd5 21. Nd2 Rae8 22. Qf3 f5 23. axb5 axb5 24. Bg3 Nxd2 25. Qf2 Nxf1 26. Rxf1 Qxe3 27. Be5 Qxf2+ 28. Rxf2 c3 29. Rc2 c6 30. Kf2 g5 31. g3 Rf7 32. h4 h6 33. hxg5 hxg5 34. Kf3 Ra7 35. Rh2 g4+ 36. Kg2 Ra2+ 37. Kg1 Rxh2 38. Kxh2 c2 39. Bf4 Nxf4 40. gxf4 c1Q 0-1